Sổ tay truyền máu

Bewaard in:
Bibliografische gegevens
Hoofdauteur: Trần Văn Bé
Formaat: Boek
Taal:Undetermined
Gepubliceerd in: Hà Nội Y học 1982
Onderwerpen:
Tags: Voeg label toe
Geen labels, Wees de eerste die dit record labelt!
Thư viện lưu trữ: Trung tâm Học liệu Trường Đại học Cần Thơ
LEADER 00492nam a2200181Ia 4500
001 CTU_7591
008 210402s9999 xx 000 0 und d
082 |a 616.15 
082 |b B200s 
100 |a Trần Văn Bé 
245 0 |a Sổ tay truyền máu 
245 0 |c Trần Văn Bé 
260 |a Hà Nội 
260 |b Y học 
260 |c 1982 
650 |a blood bank 
904 |i Nguyễn Huỳnh Mai, 960823 
980 |a Trung tâm Học liệu Trường Đại học Cần Thơ